Statistics for All Lyrics to As Long as You're Mine from Wicked

Click here to take the quiz!

General Stats

  • This quiz has been taken 37 times
  • The average score is 139 of 172

Answer Stats

CharacterLyric% Correct
a
100%
as
100%
long
100%
mine.
100%
mine,
100%
you
100%
your
100%
me
96%
me.
96%
you're
96%
be
93%
I
93%
ElphabaKiss
93%
for
89%
hold
89%
no
89%
the
89%
tight.
89%
to
89%
too
89%
with
89%
and
86%
And
86%
every
86%
BothEvery
86%
got
86%
may
86%
maybe
86%
FiyeroMaybe
86%
moment
86%
moment,
86%
My
86%
my
86%
see
86%
I'm
82%
it
82%
this
82%
tonight.
82%
up
82%
want
82%
brainless,
79%
eyes.
79%
fiercely,
79%
I'll
79%
it's
79%
Just
79%
just
79%
lying
79%
need
79%
time.
79%
we
79%
beside
75%
But
75%
different
75%
don't
75%
here
75%
last
75%
out
75%
seeing
75%
some
75%
through
75%
us
75%
wise.
75%
care.
71%
could
71%
help
71%
I've
71%
know
71%
lost
71%
make
71%
not
71%
wanting
71%
wildest
71%
all
68%
believing
68%
body
68%
bright
68%
future
68%
how
68%
if
68%
over
68%
pair.
68%
FiyeroSay
68%
shine.
68%
spell
68%
there's
68%
turns
68%
under
68%
you've
68%
dreamings
64%
fast,
64%
is
64%
line.
64%
that
64%
though
64%
border
61%
fallen
61%
Somehow
61%
somehow
61%
wake
61%
crossed
57%
holding
57%
moonlight
57%
resistance
57%
feeling
54%
fell.
50%
foresee,
50%
until
50%
Borrow
46%
come
43%
one
32%

Score Distribution

Percentile by Number Answered

Percent of People with Each Score

Your Score History

You have not taken this quiz